Cuentos completos /

Guardado en:
Autor Principal: Bolaño, Roberto
Formato: Libro
Publicado: Barcelona : Alfaguara, 2018
Materias:
Etiquetas: Agregar Etiqueta
Sin Etiquetas, Sea el primero en etiquetar este registro!
LEADER 00714nam a22002175a 4500
001 CEM.cems015090
005 20190918120302.0
008 130507s2018##################000#0#####d
003 CEMS
020 |a 9788420428925 
082 0 4 |a Ch863.4 
100 1 |a Bolaño, Roberto 
245 1 0 |a Cuentos completos /  |c Roberto Bolaño 
260 |a Barcelona :  |b Alfaguara,  |c 2018 
300 |a 647 p. 
505 0 |a Contiene : Llamadas telefónicas -- Putas asesinas -- El gaucho insufrible -- Cuentos póstumos (el secreto del mal) -- El contorno del ojo 
653 |a Cuentos 
653 |a Narrativa chilena 
653 |a Literatura 
653 |a Literatura chilena 
859 |a CEMS  |b BIB. CEMS - 11 de abril  |h Ch863.4  |i B637  |p 28074.19  |t Ej.1